| 000 | 00701cam a2200205 4500 | ||
|---|---|---|---|
| 001 | D8371 | ||
| 008 | 090401t1957 xxu||||| |||| 00| 0 eng d | ||
| 035 | _a(Sirsi) u12523 | ||
| 041 | _aeng | ||
| 050 | _a692.8 | ||
| 110 |
_aRoyal Institute of British Architects _92527 |
||
| 245 | _aAgreement and schedule of conditions of building contract [without quantities] issued under the sanction of the Royal Institute of British Architects, the National Federation of Building Trades Employers and the Royal Institution of Chartered Surveyors. | ||
| 250 | _aRev | ||
| 260 |
_aLondon _bRIBA _c1957 |
||
| 300 | _a18p. 33cm | ||
| 350 | _a0 | ||
| 520 | _aCover title | ||
| 942 | _n0 | ||
| 948 | _c04/03/1997 | ||
| 999 |
_c87003 _d87003 |
||